Najpomalšia transformácia zatiaľ svoj koniec nepozná
Päť štátnych podnikov vodární a kanalizácií sa v tomto roku zmení na šesť akciových spoločností. Po ich zápise do obchodného registra môže FNM SR začať s bezodplatným prevodom ich akcií na obce a mestá. Hlavným kritériom rozdelenia akcií bude pritom počet obyvateľov. História transformácie vodární a...
Salvato in:
| Autore principale: | |
|---|---|
| Natura: | Capitolo di libro |
| Lingua: | slovacco |
| Soggetti: | |
| Tags: |
Nessun Tag, puoi essere il primo ad aggiungerne!!
|
MARC
| LEADER | 00000naa a2200000 4500 | ||
|---|---|---|---|
| 001 | r045594 | ||
| 005 | 20230921114123.4 | ||
| 041 | 0 | |a slo | |
| 044 | |a SK | ||
| 245 | 1 | 0 | |a Najpomalšia transformácia zatiaľ svoj koniec nepozná |c Miro Sedlák |
| 520 | |a Päť štátnych podnikov vodární a kanalizácií sa v tomto roku zmení na šesť akciových spoločností. Po ich zápise do obchodného registra môže FNM SR začať s bezodplatným prevodom ich akcií na obce a mestá. Hlavným kritériom rozdelenia akcií bude pritom počet obyvateľov. História transformácie vodární a kanalizácií. | ||
| 610 | 2 | 0 | |a transformácia |
| 610 | 2 | 0 | |a vodárenstvo |
| 610 | 2 | 0 | |a kanalizácia |
| 610 | 2 | 0 | |a podnik štátny |
| 610 | 2 | 0 | |a spoločnosti akciové |
| 610 | 2 | 0 | |a akcie |
| 610 | 2 | 0 | |a obce |
| 610 | 2 | 0 | |a mestá |
| 100 | 1 | |a Sedlák, Miro | |